000 00754nam a2200217Ii 4500
003 JO-AjNU
008 230605s9999||||xx |||||||||||||| ||und||
020 _a978-614-419-925-1
040 _aJO-AjNU
_bara
_erda
_cJO-AjNU
041 _aara
050 1 4 _aPJ7866.T622.H23.2019
100 3 _aالعتوم، ايمن,
_eauthor
_961698
245 0 0 _aحديث الجنود
250 _aالطبعة الرابعة عشر
264 3 1 _aبيروت، عمان: المؤسسة العربية للدراسات والنشر،دار الفارس للنشر والتوزيع، 2019
300 _a470ص
336 _atext
_btxt
_2rdacontent
337 _aunmediated
_bn
_2rdamedia
338 _avolume
_bnc
_2rdacarrier
650 4 _aرواية عربية
_961699
999 _aA27902
_c31470
_d31470